02586 a2200289 450000500170000000800410001704000520005804100080011004100080011824500500012624600140017626000580019030000460024850009500029450803160124451101650156054600940172558601360181965000420195565000330199770000330203071000260206371000230208971000120211276500140212485601580213820140519150905.0140516s2010 ag g q mlmul d aCO-BoUCMbspacOscar AnayadAldemar Mondragón aeng aspa03aEl OrigencChristopher Nolan, directorh[DVD]13aInception aBuenos Aires (Argentina)bWarner Bros. Picturesc2010 a1 DVD, 148 minutosbimagen, sonido, color aSINOPSIS: Dom Cobb es un hábil ladrón, el mejor de lo mejor en el peligroso arte de la extracción, el robo de secretos valiosos desde las profundidades del subconsciente durante el estado de sueño, cuando la mente está en su punto más vulnerable. Su habilidad lo ha transformado en un jugador codiciado dentro del espionaje corporativo, pero también lo ha convertido en un fugitivo y le ha costado caro. Ahora a Cobb se le ofrece una oportunidad de redención. Con un último trabajo podría recuperar su vida anterior, pero solamente si logra lo imposible: el origen. En lugar del robo perfecto, Cobb y su equipo de especialistas tienen que llevar a cabo el crimen perfecto: su tarea no es robar una idea sino implantar una. Pero no existe plan o conocimiento que pueda prepararlos para enfrentar a un ´peligroso enemigo que parece predecir cada paso que dan. Un enemigo que sólo Cobb podría prevenir [Tomado de la fuente] aCRÉDITOS: Escrita y dirigida por Christopher Nolan ; producida por Chris Brigham ; música por Hans Zimmer ; fotografía por Wally Pfister ; Diseño de producción por Guy Hendrix Dyas ; dirección de arte por Brad Ricker ; ambientación por Larry Dias y Douglas A. Mowat ; vestuario por Jeffrey Kurland0 aREPARTO: Leonardo DiCaprio, Joseph Gordon-Levitt, Ellen Page, Tom Hardy, Ken Watanabe, Dileep Rao, Cillian Murphy, Tom Berenger, Marion Cotillard, Michael Caine aAudio en inglés, francés y español. Subtítulos en inglés, francés y español aGanadora de cuatro premios Oscar de la Academia, 2011 (mejor fotografía, mezcla de sonido, edición de sonido, efectos visuales) 7aPelículas de ciencia ficciónvDVD 7aPelículas de acciónvDVD1 aNolan, Christopheredirector2 aWarner Bros. Pictures2 aLegendary Pictures2 aSyncopy0 tInception40uhttps://www.youtube.com/watch?v=YoHD9XEInc0zSiga este enlace para ver el trailerzTrailer tomado del canal MOVIECLIPS Classic Trailers vía YouTube.com